| 000 | nam a22 a 4500 | ||
|---|---|---|---|
| 999 |
_c1346 _d1346 |
||
| 003 | AKMAL | ||
| 005 | 20170509112021.0 | ||
| 008 | 170509s1998 my 00 may d | ||
| 020 |
_a9676108111 (kkt.): _cRM 17.00 |
||
| 040 | _aAKMAL | ||
| 082 | 0 | 4 | _a303.69 ABD |
| 090 | 0 | 0 |
_a303.69 _bABD |
| 100 | 0 |
_aAbdullah Hassan, _d1942- _9341 |
|
| 245 | 1 | 0 |
_aBerkonflik dan berunding / _cAbdullah Hassan , Ainon Mohd. |
| 260 |
_aKuala Lumpur : _bUtusan Publications & Distributors Sdn.Bhd., _c1998 |
||
| 300 |
_a230ms. ; _c22cm |
||
| 504 | _aBibliografi: ms. 229-230 | ||
| 650 | 0 |
_aConflict management _92640 |
|
| 650 | 0 |
_aNegotiation _92641 |
|
| 700 | 0 |
_aAinon Muhammad, _d1950- _9343 |
|
| 942 |
_2ddc _cBOOK |
||